Eastern Utah Libraries Catalog: Duchesne, Heber, Roosevelt, & Vernal

True detective. The complete second season (Record no. 360208)

MARC details
000 -LEADER
fixed length control field 02534cgm a2200649Mi 4500
001 - CONTROL NUMBER
control field on1149174721
003 - CONTROL NUMBER IDENTIFIER
control field OCoLC
005 - DATE AND TIME OF LATEST TRANSACTION
control field 20260219121456.0
007 - PHYSICAL DESCRIPTION FIXED FIELD--GENERAL INFORMATION
fixed length control field vd csaizu
008 - FIXED-LENGTH DATA ELEMENTS--GENERAL INFORMATION
fixed length control field 151214s2016 nyu480 e vleng d
024 1# - OTHER STANDARD IDENTIFIER
Standard number or code 883929484584
028 42 - PUBLISHER NUMBER
Publisher number 1000574316
Source Home Box Office
035 ## - SYSTEM CONTROL NUMBER
System control number (OCoLC)1149174721
040 ## - CATALOGING SOURCE
Original cataloging agency JCH
Language of cataloging eng
Description conventions rda
Transcribing agency JCH
Modifying agency OCLCO
-- WIQ
-- WACOL
041 0# - LANGUAGE CODE
Language code of text/sound track or separate title eng
049 ## - LOCAL HOLDINGS (OCLC)
Holding library WACL
082 04 - DEWEY DECIMAL CLASSIFICATION NUMBER
Classification number 791.45/75
Edition number 23
092 ## - LOCALLY ASSIGNED DEWEY CALL NUMBER (OCLC)
Classification number DVD
Item number Tru
245 00 - TITLE STATEMENT
Title True detective. The complete second season
250 ## - EDITION STATEMENT
Edition statement Blu-ray.
264 #1 - Production, Publication, Distribution, Manufacture, and Copyright Notice.
Place of production, publication, distribution, manufacture New York, NY :
Name of producer, publisher, distributor, manufacturer HBO Home Box Office,
Date of production, publication, distribution, manufacture, or copyr [2016]
300 ## - PHYSICAL DESCRIPTION
Extent 3 videodiscs (480 min.) :
Other physical details sound, color ;
Dimensions 4 3/4 in.
306 ## - PLAYING TIME
Playing time 080000
336 ## - Content Type
Content type term two-dimensional moving image
337 ## - Media type
Media type term video
338 ## - Carrier type
Carrier type term videodisc
500 ## - GENERAL NOTE
General note Title from web page.
500 ## - GENERAL NOTE
General note Originally released as season 2 in 2015.
500 ## - GENERAL NOTE
General note Widescreen.
505 0# - FORMATTED CONTENTS NOTE
Miscellaneous information Disc 1 --
Title The Western book of the dead --
-- Night finds you --
-- Maybe tomorrow
505 0# - FORMATTED CONTENTS NOTE
Miscellaneous information Disc 2 --
Title Down will come --
-- Oter lives --
-- Church in ruins
505 0# - FORMATTED CONTENTS NOTE
Miscellaneous information Disc 3 --
Title Black maps and motel rooms --
-- Omega station.
511 1# - PARTICIPANT OR PERFORMER NOTE
Participant or performer note Colin Farrell, Vince Vaughn, Rachel McAdams.
520 ## - SUMMARY, ETC.
Summary, etc A bizarre murder brings together three law-enforcement officers and a career criminal, each of whom must navigate a web of conspiracy and betrayal in the scorched landscapes of California.
521 8# - TARGET AUDIENCE NOTE
Target audience note Rating: TVMA.
521 ## - TARGET AUDIENCE NOTE
Target audience note DVD
Source Baker & Taylor
538 ## - SYSTEM DETAILS NOTE
System details note Blu-ray; requires Blu-ray player.
546 ## - LANGUAGE NOTE
Language note Subtitled for the deaf and hard of hearing.
650 #0 - SUBJECT ADDED ENTRY--TOPICAL TERM
Topical term or geographic name as entry element Murder
Form subdivision Drama.
9 (RLIN) 5696159
650 #0 - SUBJECT ADDED ENTRY--TOPICAL TERM
Topical term or geographic name as entry element Homicide
Form subdivision Drama.
9 (RLIN) 6391484
650 #0 - SUBJECT ADDED ENTRY--TOPICAL TERM
Topical term or geographic name as entry element Investigations
Form subdivision Drama.
9 (RLIN) 6412538
650 #7 - SUBJECT ADDED ENTRY--TOPICAL TERM
Topical term or geographic name as entry element Homicide.
Source of heading or term fast
650 #7 - SUBJECT ADDED ENTRY--TOPICAL TERM
Topical term or geographic name as entry element Investigations.
Source of heading or term fast
650 #7 - SUBJECT ADDED ENTRY--TOPICAL TERM
Topical term or geographic name as entry element Murder.
Source of heading or term fast
655 #7 - INDEX TERM--GENRE/FORM
Genre/form data or focus term Detective and mystery television programs.
Source of term fast
655 #7 - INDEX TERM--GENRE/FORM
Genre/form data or focus term Drama.
Source of term fast
655 #7 - INDEX TERM--GENRE/FORM
Genre/form data or focus term Television crime shows.
Source of term fast
9 (RLIN) 5706353
655 #7 - INDEX TERM--GENRE/FORM
Genre/form data or focus term Video recordings for the hearing impaired.
Source of term fast
655 #7 - INDEX TERM--GENRE/FORM
Genre/form data or focus term Television crime shows.
Source of term lcgft
9 (RLIN) 5706353
655 #7 - INDEX TERM--GENRE/FORM
Genre/form data or focus term Detective and mystery television programs.
Source of term lcgft
9 (RLIN) 6412560
655 #7 - INDEX TERM--GENRE/FORM
Genre/form data or focus term Video recordings for the hearing impaired.
Source of term lcgft
9 (RLIN) 6412561
700 1# - ADDED ENTRY--PERSONAL NAME
Personal name Farrell, Colin,
Relator term actor.
9 (RLIN) 66039
700 1# - ADDED ENTRY--PERSONAL NAME
Personal name Vaughn, Vince,
Relator term actor.
9 (RLIN) 65794
700 1# - ADDED ENTRY--PERSONAL NAME
Personal name McAdams, Rachel,
Dates associated with a name 1978-
Relator term actor.
9 (RLIN) 5804198
710 2# - ADDED ENTRY--CORPORATE NAME
Corporate name or jurisdiction name as entry element Home Box Office (Firm),
Relator term publisher.
9 (RLIN) 16921
942 ## - ADDED ENTRY ELEMENTS (KOHA)
Source of classification or shelving scheme Dewey Decimal Classification
Koha item type Blu-ray
Holdings
Withdrawn status Lost status Source of classification or shelving scheme Materials specified (bound volume or other part) Damaged status Not for loan Collection code Home library Current library Shelving location Date acquired Source of acquisition Serial Enumeration / chronology Total Checkouts Total Renewals Full call number Barcode Date last seen Date checked out Cost, replacement price Price effective from Koha item type
    Dewey Decimal Classification 3 discs     Television Series Wasatch County Library Wasatch County Library Audio Visual Area 04/06/2021 Baker & Taylor Season 2 10 12 TV Series True Detective #2 34301001810631 11/28/2025 11/26/2025 39.99 04/06/2021 Blu-Ray Series
This project was made possible through a grant from the Institute of Museum and Library Service administered by the Utah State Library Division.

Wasatch County Library

  • 465 East 1200 South, Heber City, Utah 84032
  • Phone 435-654-1511 | Fax 435-654-6456

Hours

  • Monday - Friday 9:30 AM - 8:00 PM
  • Saturday 9:30 AM - 1:30 PM
  • Closed Sundays and Holidays